Statistics for Technology by letter: M

Click here to take the quiz!

General Stats

  • This quiz has been taken 16 times
  • The average score is 9 of 15

Answer Stats

HintAnswer% Correct
System of transportation of written messagesMail
87%
Optical system for looking at tiny thingsMicroscope
87%
Optical device to look at oneselfMirror
87%
Pioneer of telegraphy with an alphabet named after himMorse
80%
Coin factoryMint
73%
Self-propelled war projectileMissile
73%
Connects computers to a telephone lineModem
73%
Major nuclear reactor failureMeltdown
67%
Computer input and control deviceMouse
67%
Medical technique to look inside body partsMagnetic Resonance Imaging (MRI)
53%
Industrial productionManufacturing
53%
Converts sound to electricityMicrophone
53%
Grinding deviceMill
47%
Process of adding an audio signal to a high frequencyModulation
27%
Process of slowing down neutrons in a nuclear reactorModeration
13%

Score Distribution

Percentile by Number Answered

Percent of People with Each Score

Your Score History

You have not taken this quiz